Estudios sobre la cultura actual del Perú / (Record no. 20426)

000 -CABECERA
fixed length control field 01718nam a22003017a 4500
003 - IDENTIFICADOR DEL NÚMERO DE CONTROL
control field AR-CdUCM
008 - DATOS DE LONGITUD FIJA--INFORMACIÓN GENERAL
fixed length control field 190530b ||||| |||| 00| 0 spa d
040 ## - FUENTE DE LA CATALOGACIÓN
Agencia/entidad que catalogó originalmente la obra MUNICIPALIDAD PROVINCIAL DEL CUSCO
Entidad que transcribió la catalogación BIBLIOTECA MUNICIPAL DEL CUSCO
082 ## - NÚMERO DE LA CLASIFICACIÓN DECIMAL DEWEY
No. de Clasificación 985.001 /
Notacion interna V141
100 ## - ENTRADA PRINCIPAL--NOMBRE DE PERSONA
Nombre Personal Valcárcel, Luis E.
245 ## - MENCIÓN DE TÍTULO
Título Estudios sobre la cultura actual del Perú /
260 ## - PUBLICACIÓN, DISTRIBUCIÓN, ETC.
Lugar de publicación, distribución, etc. Lima :
Nombre de la editorial, distribuidor, etc. Universidad Nacional Mayor de San Marcos. Departamento de Publicaciones,
Fecha de publicación, distribución, etc. 1964.
300 ## - DESCRIPCIÓN FÍSICA
Nº de Páginas Extensión 305 páginas ;
Dimensiones 21 cm.
440 ## - MENCIÓN DE SERIE/PUNTO DE ACCESO ADICIONAL--TÍTULO
Título Problemática del Perú
Número de la parte/sección de una obra 2
9 (RLIN) 42703
505 ## - NOTA DE CONTENIDO CON FORMATO
Nota de contenido formateada Contenido: Indigenismo en el Perú / por Luis E. Valcárcel -- Estratificación social en el Callejón de Huaylas / por William P. Mangin -- La formación de dos comunidades indígenas en un valle de la costa peruana / por Louis Faron -- La propiedad en la isla de Taquile / por José Matos -- Posesión de la tierra en la comunidad de Kauri Quispicanchis / por Bernard Minshkin -- Sicaya, una comunidad mestiza de la sierra central del Perú / por Gabriel Escobar -- Puquio una cultura en proceso de cambio / por José María Arguedas -- El hombre y la familia : su matrimonio y organización político social en Qero / por Oscar Núñez del Prado -- Clubes de provincianos en Lima / por William P. Mangin.
650 ## - PUNTO DE ACCESO ADICIONAL DE MATERIA--TÉRMINO DE MATERIA
Descriptor Civilización
9 (RLIN) 1048
650 ## - PUNTO DE ACCESO ADICIONAL DE MATERIA--TÉRMINO DE MATERIA
Descriptor Indígenas del Perú
9 (RLIN) 5715
650 ## - PUNTO DE ACCESO ADICIONAL DE MATERIA--TÉRMINO DE MATERIA
Descriptor Comunidades
9 (RLIN) 7021
700 ## - PUNTO DE ACCESO ADICIONAL--NOMBRE DE PERSONA
Nombre Personal Mangin, William
9 (RLIN) 9799
700 ## - PUNTO DE ACCESO ADICIONAL--NOMBRE DE PERSONA
Nombre Personal Faron, Luis
9 (RLIN) 42704
700 ## - PUNTO DE ACCESO ADICIONAL--NOMBRE DE PERSONA
Nombre Personal Matos, José
9 (RLIN) 42705
700 ## - PUNTO DE ACCESO ADICIONAL--NOMBRE DE PERSONA
Nombre Personal Mishkin, Bernard
9 (RLIN) 42706
700 ## - PUNTO DE ACCESO ADICIONAL--NOMBRE DE PERSONA
Nombre Personal Escobar M., Gabriel
9 (RLIN) 7985
700 ## - PUNTO DE ACCESO ADICIONAL--NOMBRE DE PERSONA
Nombre Personal Arguedas, José María
9 (RLIN) 790
700 ## - PUNTO DE ACCESO ADICIONAL--NOMBRE DE PERSONA
Nombre Personal Nuñez del Prado, Oscar
9 (RLIN) 5531
942 ## - ELEMENTOS DE PUNTO DE ACCESO ADICIONAL (KOHA)
Fuente de clasificación
Tipo de item Libros-BMC
945 ## - PROCESAMIENTO DE INFORMACIÓN LOCAL (OCLC)
Catalogador davv
AAAA-MM-DD - Fecha de ingreso o modificacion 2019-05-30
Holdings
Estado de retiro (separado) Fuente de clasificación o esquema de estanterías Estado dañado Ubicación Sala donde se ubica Nombre de la colección Fecha de adquisición o compra Costo, precio normal en soles Signatura topográfica Código de Barras Última vez visto (Koha) Tipo de ítem (Koha)
No     Sala Humanidades Sala Humanidades Book Cart 2019-05-30 30.00 985.001 / V141 SH0000014792 2019-05-30 Libros-BMC

Powered by Koha